000 00457nam a2200193Ia 4500
001 12392
003 GE_BSU
008 181216s||||||||xx |||||||||||||| ||und||
040 _cGE_BSU
080 _a582
100 _aЯчевский,А.А.
245 _aОсновы микрологии
260 _aМосква
260 _bОгиз
260 _c1933
300 _a1035стр.23см.
653 _aОсновы микрологии
942 _cBK
999 _c45566
_d45566